[Event "Stuttgart-chA int"]
[Site "Ditzingen"]
[Date "2014.05.31"]
[Round "6"]
[White "Schmidt, Markus"]
[Black "Marano, Salvatore"]
[Result "0-1"]
[WhiteElo "1904"]
[BlackElo "1943"]
[PlyCount "76"]
[EventDate "2014.05.29"]
[EventType "swiss"]
[EventRounds "7"]
[EventCountry "GER"]
[SourceTitle "EXT 2015"]
[Source "ChessBase"]
[SourceDate "2014.11.20"]
[SourceVersion "1"]
[SourceVersionDate "2014.11.20"]
[SourceQuality "1"]

1. e4 g6 2. d3 d5 3. Nd2 Bg7 4. Ngf3 e5 5. exd5 Qxd5 6. g3 Nc6 7. Bg2 Nge7 8. 0-0 0-0 9. Re1 Qd8 10. Nc4 f6 11. h3 Be6 12. Ne3 Qd7 13. g4 Rad8 14. Nf1 f5 15. Ng5 Bd5 16. Bxd5+ Nxd5 17. Nh2 h6 18. Ngf3 g5 19. Kh1 fxg4 20. hxg4 Nf6 21. Nxe5 Qd5+ 22. Qf3 Nxe5 23. Qxd5+ Nxd5 24. Kg2 Nb4 25. Re2 Ng6 26. a3 Nd5 27. Re4 Rde8 28. Rb1 c5 29. Bd2 Nf6 30. Rc4 b6 31. b4 Ne5 32. Rc3 Nfxg4 33. Be3 Nxh2 34. bxc5 Nhg4 35. cxb6 axb6 36. Rxb6 Nxe3+ 37. fxe3 Ng4 38. Rc7 Rxe3 0-1

[Event "Gibraltar Masters 10th"]
[Site "Caleta"]
[Date "2012.02.02"]
[Round "10"]
[White "Mozelius, Peter"]
[Black "Marano, Salvatore"]
[Result "0-1"]
[WhiteElo "1869"]
[BlackElo "1967"]
[PlyCount "152"]
[EventDate "2012.01.24"]
[EventType "swiss"]
[EventRounds "10"]
[EventCountry "GGB"]
[SourceTitle "CBM 147"]
[Source "ChessBase"]
[SourceDate "2012.03.16"]
[SourceVersion "1"]
[SourceVersionDate "2012.03.16"]
[SourceQuality "1"]

1. Nf3 g6 2. g3 Bg7 3. Bg2 e5 4. d3 d5 5. Nbd2 Ne7 6. e4 c6 7. 0-0 0-0 8. h4 Bg4 9. Qe1 Qd6 10. Nh2 Be6 11. Qe2 Nd7 12. h5 gxh5 13. Qxh5 Nf6 14. Qe2 Ng6 15. Nb3 dxe4 16. dxe4 b5 17. Be3 Bc4 18. Qd1 Qc7 19. Re1 Rfd8 20. Qf3 Bxb3 21. axb3 Qe7 22. Ra6 Qe6 23. Rea1 Nf8 24. Rxa7 Rxa7 25. Rxa7 h6 26. Ra6 Qc8 27. Ra1 N8h7 28. Qf5 Qc7 29. Ng4 Nxg4 30. Qxg4 Qd6 31. Bf3 Qf6 32. Be2 Ng5 33. Kg2 Qg6 34. Bd3 Ne6 35. Qh4 Kh7 36. Rh1 Rd6 37. Kf1 Nd4 38. Bxd4 Rxd4 39. g4 Bf6 40. Qg3 Qg5 41. Ke2 Kg8 42. Rh5 Qg7 43. Rf5 Rd8 44. f3 Re8 45. Qf2 Bg5 46. Qb6 Qg6 47. Qc7 Qe6 48. c4 Rc8 49. Qxe5 Qd7 50. Qc3 Rd8 51. e5 b4 52. Rxg5+ hxg5 53. Qd2 Kh8 54. Qe3 Qd4 55. Qxd4 Rxd4 56. Ke3 c5 57. Bf5 Kg7 58. e6 fxe6 59. Bxe6 Kf6 60. Bf5 Ke5 61. Bc2 Rd6 62. Be4 Ra6 63. Kd2 Kf4 64. Kc2 Ke3 65. Bd5 Rh6 66. Be4 Rh2+ 67. Kb1 Rf2 68. Bf5 Kxf3 69. Kc1 Ke3 70. Bg6 Kf4 71. Bf5 Rg2 72. Bd7 Rxg4 73. Bxg4 Kxg4 74. Kd2 Kf3 75. Ke1 g4 76. Kf1 g3 0-1

[Event "Letojanni op 2nd"]
[Site "Letojanni"]
[Date "2002.12.29"]
[Round "9"]
[White "Bonetti, Carlo"]
[Black "Marano, Salvatore"]
[Result "0-1"]
[WhiteElo "1778"]
[BlackElo "1827"]
[PlyCount "92"]
[EventDate "2002.12.21"]
[EventType "swiss"]
[EventRounds "9"]
[EventCountry "ITA"]
[SourceTitle "EXT 2007"]
[Source "ChessBase"]
[SourceDate "2006.11.23"]
[SourceVersion "1"]
[SourceVersionDate "2006.11.23"]
[SourceQuality "1"]

1. e4 e5 2. Nf3 d5 3. Nxe5 Bd6 4. d4 dxe4 5. Ng4 f5 6. Ne3 Nf6 7. Bc4 c6 8. g3 Qe7 9. Nc3 b5 10. Bb3 b4 11. Ne2 Na6 12. h4 Nc7 13. Nc4 Be6 14. Nxd6+ Qxd6 15. Nf4 Bxb3 16. axb3 0-0 17. c4 bxc3 18. bxc3 Nb5 19. Qc2 c5 20. 0-0 cxd4 21. cxd4 Rfc8 22. Qd1 Nxd4 23. Bb2 Nf3+ 24. Kg2 Nxh4+ 25. Kh3 Qxd1 26. Rfxd1 Nf3 27. Bxf6 gxf6 28. Rd7 Rc2 29. Kg2 Ne5 30. Rdxa7 Rxa7 31. Rxa7 e3 32. Kf1 Rxf2+ 33. Ke1 Nf3+ 34. Kd1 Rd2+ 35. Kc1 e2 36. Ra8+ Kf7 37. Ra7+ Kg8 38. Ra8+ Kg7 39. Ra7+ Kh6 40. Nxe2 Rxe2 41. b4 f4 42. gxf4 Re4 43. b5 Rxf4 44. b6 Rb4 45. b7 Nd4 46. Ra4 Nb3+ 0-1

[Event "Letojanni op 2nd"]
[Site "Letojanni"]
[Date "2002.12.22"]
[Round "2"]
[White "Marano, Salvatore"]
[Black "Hocevar, Nikola"]
[Result "1/2-1/2"]
[WhiteElo "1827"]
[BlackElo "2100"]
[PlyCount "109"]
[EventDate "2002.12.21"]
[EventType "swiss"]
[EventRounds "9"]
[EventCountry "ITA"]
[SourceTitle "EXT 2007"]
[Source "ChessBase"]
[SourceDate "2006.11.23"]
[SourceVersion "1"]
[SourceVersionDate "2006.11.23"]
[SourceQuality "1"]

1. e4 c5 2. Nc3 Nc6 3. g3 g6 4. Bg2 Bg7 5. d3 d6 6. Be3 e6 7. Qd2 Rb8 8. Nge2 e5 9. Nd5 Be6 10. 0-0 Bxd5 11. exd5 Nce7 12. Qd1 Nf6 13. c4 0-0 14. h3 Nf5 15. Bg5 h6 16. Bd2 Re8 17. Qc2 Qd7 18. Rae1 Kh7 19. Nc3 Nd4 20. Qd1 Re7 21. g4 Ng8 22. Ne4 Rf8 23. g5 f5 24. gxf6 Nxf6 25. Nxf6+ Rxf6 26. Bc3 Rf4 27. Bxd4 cxd4 28. Re4 Ref7 29. Rxf4 Rxf4 30. Kh2 Qf7 31. Qe2 Bf6 32. Be4 Bh4 33. f3 Bg5 34. Rg1 b6 35. b3 Rh4 36. Rg4 Rxg4 37. fxg4 Qf4+ 38. Kg2 Kg7 39. Qf3 Qd2+ 40. Qf2 Qc1 41. Qf1 Qc3 42. Qe2 Be3 43. Kg3 Qc1 44. Bg2 Qg1 45. Kf3 Qh2 46. Qf1 Bg5 47. Ke2 Bh4 48. Kd1 Qg3 49. Qe2 Bg5 50. Qf3 Qh2 51. Ke2 Qg1 52. Bf1 Qh2+ 53. Bg2 a5 54. Kd1 Qg1+ 55. Bf1 1/2-1/2